Mort subite - Kaaris - Statistiques

Statistiques générales
  • Ce quiz a été pris 77 fois
  • Le résultat moyen est 5 sur 14
Answers on the Grid
Answers color-coded by a green-red scale on the quiz's grid according to % correct below.
Binks
63
Killé
Juste
Hallyday
Sinaloa
Blow
Magnum
Aborigene
Kébra
Allumer le feu
Amsterdam
Mama
Mauvais œil
Tempête
Menace
Lunatic
Binbinbinks
Enervé
80
Je bibi
Les oiseaux
Four
Tripoli
Fusée Arianne
Abidjan
Mon Glock
GBMM
 
Statistiques - réponses
Réponse % Correct
Blow
67%
Binks
66%
63
53%
Magnum
50%
Je bibi
41%
Sinaloa
41%
Kébra
34%
Four
31%
Tripoli
26%
Les oiseaux
21%
Killé
19%
Hallyday
16%
Aborigene
14%
Juste
14%
Aucun quiz correspondant
Distribution des résultats
% des personnes avec chaque résultat
Percentile par nombre de réponses
Votre historique - résultats
Vous n’avez pas pris ce quiz